Lippiatt and another v South Gloucestershire Council. (Record no. 60710)

MARC details
000 -LEADER
fixed length control field 01362cam a2200169 4500
001 - CONTROL NUMBER
control field ABS61024
008 - FIXED-LENGTH DATA ELEMENTS--GENERAL INFORMATION
fixed length control field 000000n1999 000 0 eng u
035 ## - SYSTEM CONTROL NUMBER
System control number (Sirsi) u101578
245 ## - TITLE STATEMENT
Title Lippiatt and another v South Gloucestershire Council.
260 ## - PUBLICATION, DISTRIBUTION, ETC.
Date of publication, distribution, etc. 1999
490 ## - SERIES STATEMENT
Series statement Weekly Law Reports
Volume/sequential designation [1999] 3 WLR 137-150(8)
520 ## - SUMMARY, ETC.
Summary, etc. CA 31 March 1999. The plaintiffs (L) brought an action against the council for damages for failing to curb the activities of travellers who had camped on council land close to L's farm. L claimed that the travellers had obstructed access to their land, stolen timber and fences, damaged crops, and acted belligerently towards them and their families. The judge struck out the claim on the basis that the traveller's activities fell outside the scope of the tort of nuisance and that there was no misuse of the council's land so as to cause damage to L's land. L appealed. Appeal allowed. The owner occupier of land could be liable in nuisance for the unlawful activities of persons based on his land which took place off his land where such nuisance consisted of repeated acts committed on the victim's land, to the owner occupier's knowledge, and which interfered with the victim's use and enjoyment of his land.
650 ## - SUBJECT ADDED ENTRY--TOPICAL TERM
Topical term or geographic name entry element SQUATTING
650 ## - SUBJECT ADDED ENTRY--TOPICAL TERM
Topical term or geographic name entry element TRESPASS
690 ## - LOCAL SUBJECT ADDED ENTRY--TOPICAL TERM (OCLC, RLIN)
Topical term or geographic name as entry element PROPERTY LAW AND PRACTICE-CASE LAW
942 ## - ADDED ENTRY ELEMENTS (KOHA)
Suppress in OPAC 0
Holdings
Withdrawn status Lost status Source of classification or shelving scheme Damaged status Not for loan Home library Current library Shelving location Date acquired Total Checkouts Full call number Barcode Date last seen Copy number Price effective from Koha item type
    Dewey Decimal Classification     London London Journal article 05/11/1999   ABS61024 101578-1001 06/08/2019 1 06/08/2019 Journal article